Locos egregios /

Biografías de artistas de campos diversos, abordadas desde la perspectiva de la locura o la supuesta locura que sufrieron los personajes.

Furkejuvvon:
Bibliográfalaš dieđut
Váldodahkki: Vallejo-Nágera, Juan Antonio (autor)
Materiálatiipa: Girji
Giella:espánnjágiella
Almmustuhtton: México : Planeta, 1989, c1989
Ráidu:(Colección Popular Planeta)
(Memoria de la Historia. Personajes)
Fáttát:
Fáddágilkorat: Lasit fáddágilkoriid
Eai fáddágilkorat, Lasit vuosttaš fáddágilkora!

MARC

LEADER 00000nam^a2200000^a^4500
001 000185945
005 20250521000000.0
009 20260310102209.14
020 |a 968-406-135-8 
037 |a Acervo ITESO - Biblioteca 
041 |a ESP 
082 |a 709. 2  |b VAL 
100 |a Vallejo-Nágera, Juan Antonio  |e (autor) 
245 1 0 |a Locos egregios /  |c J.A. Vallejo-Nágera. 
264 4 |a México :  |b Planeta,  |c 1989, c1989 
300 |a 296 p. 
336 |a texto  |b txt  |2 rdacontenido 
337 |a sin mediación  |b n  |2 rdamedio 
338 |a volumen  |b nc  |2 rdasoporte 
440 1 |a (Colección Popular Planeta) 
440 1 |a (Memoria de la Historia.  |p Personajes) 
520 |a Biografías de artistas de campos diversos, abordadas desde la perspectiva de la locura o la supuesta locura que sufrieron los personajes. 
649 |a XX 
650 |a Artistas -  |x Condiciones Psicológicas -  |x Tema Principal 
650 |a Psicopatología -  |x Tema Principal 
650 |a Psicología Clínica 
650 |a Psicología y Arte -  |x Tema Principal 
650 |a Arte -  |x Historia y Crítica 
650 |a Abderrahman III 
650 |a Aretino, Pietro 
650 |a Caravaggio 
650 |a Cellini, Benvenuto 
650 |a Goes, Hugo van der 
650 |a Gogh, Vincent van 
650 |a Hess, Rudolf 
650 |a Hitler, Adolf 
650 |a Juana I, La Loca, Reina de España 
650 |a Leoni, Leone 
650 |a Liszt, Franz 
650 |a Mozart, Wolfgang Amadeus 
650 |a Nijinsky, Vaslav 
650 |a Rusiñol, Santiago 
650 |a Schikaneder, Emanuel 
650 |a Schumann, Robert 
600 |a Caffarelli 
600 |a Farinelli 
600 |a Goya, Francisco de 
600 |a Maquiavelo, Nicolás 
910 |a Fondo General 
920 |a Impresos - Libros 
930 |a Colección General 
905 |a 101 
901 |a 0500127445  |b IT1  |c ACC  |u 20250521 
902 |a https://opac.biblio.iteso.mx/vufind/Record/000185945